| 000 | 01382nam a2200373 i 4500 | ||
|---|---|---|---|
| 001 | 196242 | ||
| 003 | ES-MaACL | ||
| 005 | 20241010165213.0 | ||
| 007 | ta | ||
| 008 | 240823s1982 sp ab 0001 spa | ||
| 016 | 7 |
_abimoBNE19920615057 _zIBH8312208 _2SpMaBN |
|
| 017 |
_aCA 826-1982 _bOficina Depósito Legal Cádiz |
||
| 020 | _a8450081874 | ||
| 035 | _a(OCoLC)434634147 | ||
| 035 | _a(SpMaBN)bimo0000152940 | ||
| 035 | _a991011759399708606 | ||
| 040 |
_aIBH _bspa _cSpMaBN _erdc _dES-MaACL |
||
| 080 | _a911.37(460.355 C.) | ||
| 100 |
_aRamírez Delgado, Juan Ramón _9238565 |
||
| 245 | 1 | 4 |
_aLos primitivos núcleos de asentamiento en la ciudad de Cádiz / _cJuan Ramón Ramírez Delgado. |
| 260 |
_aCádiz : _bAyuntamiento, _c1982. |
||
| 300 |
_a240 p., 1 map. pleg. : _bil. ; _c21 cm |
||
| 336 |
_2rdacontent _atexto |
||
| 337 |
_2rdamedia _asin mediación |
||
| 338 |
_2rdacarrier _avolumen |
||
| 504 | _aBibliografía: p. 185-212 | ||
| 651 | 7 |
_aCádiz- _xHistoria _9143770 |
|
| 852 |
_aES-MaACL _cDEPO1 _jA-15337 _hDonación: Juan Manuel Duarte Cendán _9203988 |
||
| 903 |
_9238529 _aDuarte Cendán, José Manuel _q1 _ednr |
||
| 942 |
_n0 _cMONOGRAFIA |
||
| 999 |
_c196242 _d196242 |
||